000 00332nam a2200133 i 4500
001 bg
100 1 _aKUBASIEWICZ, Maria
245 0 _aKartoteka selekcyjna obrzeżnie perforowana /
_cMaria Kubasiewicz.
260 _aWarszawa,
_c1977.
040 _cBPK
041 _apol
942 _cKS
008 s pl f |000 0 pol
999 _c17600
_d17600
856 _uhttp://koha.tu.koszalin.pl/cgi-bin/koha/opac-detail.pl?biblionumber=17600
_yKatalog online BPK